| 000 | 00598nam a2200217Ia 4500 | ||
|---|---|---|---|
| 003 | 0100 | ||
| 008 | 130307s9999 xx 000 0 und d | ||
| 020 | _a0300078013 (alk. paper) | ||
| 040 | _cARRUPELIB | ||
| 050 | _aHB72.L364 2000 | ||
| 100 | _aLane, Robert Edwards | ||
| 245 | 4 | _aThe loss of happiness in market democracies / Robert E. Lane. | |
| 260 | _aNew Haven : | ||
| 260 | _bYale University Press | ||
| 260 | _cc2000. | ||
| 300 | _ax | ||
| 300 | _b465 p. : ill. 25 cm. | ||
| 440 | _aThe Yale ISPS series. ; Yale ISPS series. | ||
| 650 | _bMaturin, Basil William | ||
| 942 | 0 | 0 | _01 |
| 999 |
_c99779 _d99779 |
||